| 000 | 00467nam a2200181Ia 4500 | ||
|---|---|---|---|
| 001 | 4389 | ||
| 005 | 20260306145752.0 | ||
| 008 | 260306t2014||||xx |||||||||||||| ||spa|| | ||
| 041 | _aESP | ||
| 082 |
_a320.9855 _bW58 |
||
| 100 |
_aWilson, Fiona _eAUT |
||
| 245 | 0 |
_aCiudadanía y violencia política en el Perú: _buna ciudad andina, 1870-1980 |
|
| 260 | _c2014 | ||
| 300 |
_a381 páginas : _c23 cm. |
||
| 650 | _aGEN | ||
| 654 | _aCDE | ||
| 942 |
_cLIB _dJUS _fJUS _2ddc _n |
||
| 999 |
_c4389 _d4389 |
||